| 000 | 00780cam a2200241 4500 | ||
|---|---|---|---|
| 001 | WB3611-12 | ||
| 008 | 000000n2000 000 0 eng u | ||
| 035 | _a(Sirsi) u104777 | ||
| 245 | _aHomes with power plants | ||
| 260 | _c2000 | ||
| 490 |
_aDaily Telegraph _v 10 March 2000, 4(1) |
||
| 520 | _aMini power stations fitted in homes could be part of a strategy to tackle global warming. Some argue that the business sector is not taking enough responsibility for meeting carbon dioxide targets. | ||
| 590 | _aWB | ||
| 650 | _aGLOBAL WARMING | ||
| 650 | _aPOWER PLANTS | ||
| 650 | _aHOUSES | ||
| 650 | _aRENEWABLE ENERGY | ||
| 650 | _aUTILITIES BILL | ||
| 650 | _aFOSSIL FUELS | ||
| 650 | _aCARBON DIOXIDE EMISSIONS | ||
| 690 |
_aEnvironment _96238 |
||
| 942 | _n0 | ||
| 999 |
_c62863 _d62863 |
||